000 00736nam a22002537a 4500
001 BR9601905
003 BR-BrBNA
005 20230928094949.0
007 ta
008 230509b bl.||||| |||| 00| 0 por d
040 _aBR-BrBNA
_bpor
_cBiblioteca Nacional de Agricultura
041 _a(Por)
072 _aC10
090 _ C10 BR9601905
100 1 _aAdant, P.
110 1 _aEmpresa Brasileira de Assistencia Tecnica e Extensao Rural, Brasilia, DF (Brasil)
245 1 _aFormacao dos pequenos e medios produtores para a gerencia de empresas agricolas
260 3 _aBrasilia, DF (Brasil):
_c1987.
300 _a26 p.
650 _aTreinamento
650 _aProdutor
909 _a202309
_bLucia
_c55
_dLucia Elande
942 _cBK
999 _c53699
_d53699